000 00741nam 22002293 4500
001 200195
010 _a972-1-03875-X
021 _aPT
090 _a200195
100 _a20260127d u||y0pory50 ba
200 _aFauna submarina atlântica
_ePortugal Continental, Açores, Madeira
_fLuiz Saldanha
_gprefácio Germano da Fonseca Sacarrão
210 _aMem Martins
_cPublicações Europa-América
_dcop.1995
215 _a364 p., [92] p. il.
_cil. ; brochado
_d21 cm
225 _aDiversos
305 _a. - Edição revista e aumentada
606 _974
_aZoologia
610 _aFauna marinha
675 _a591.9(26)(469)
_vPT
_zpor
700 _916027
_aSaldanha
_bLuiz
_f1937-1997
801 _aPT
_bBMMN
_gRPC
830 _cAna
_fAna
990 _cLIVROS